| 000 | 02910nam0a2200409 4500 | ||
|---|---|---|---|
| 001 | RU\NLR\BIBL_A\022737787 | ||
| 005 | 20260517042555.0 | ||
| 010 |
_a978-5-905281-24-2 _9500 |
||
| 021 |
_aRU _bКН-П-25-081607 _9КН-П-25-7903 |
||
| 035 | _a(NLR Aleph) 022737787 | ||
| 090 |
_a13704288 _c13704288 |
||
| 100 | _a20260226d2025 u y0rusy50 ca | ||
| 101 | 1 |
_arus _btib _ceng |
|
| 102 | _aRU | ||
| 105 | _aa j 001yy | ||
| 181 | 0 |
_ai _b xxe |
|
| 182 | 0 | _an | |
| 200 | 1 |
_aЛечение огнём _eучебник тибетской мокса-терапии _eдля врачей-рефлексотерапевтов, специалистов традиционной тибетской медицины _fЧогьял Намкай Норбу _gперевод с тибетского [на английский] и введение Элио Гуариско _gперевод с английского: Фарида Маликова _gрисунки: Танита Феррари |
|
| 203 |
_aТекст _bвизуальный _cнепосредственный |
||
| 210 |
_aСанкт-Петербург _cШанг Шунг _d2025 |
||
| 215 |
_a239 с. _cил., табл. _d26 |
||
| 300 | _aНа доп. тит. л. загл. и вых. дан. ориг. англ. изд.: Healing with Fire. Arcidosso : Shang Shung Publications, 2011 | ||
| 300 | _aЗагл. тибет. ориг.: Me gtsa'i lag len nyung bsdus dwangs shel me long ("Ясное хрустальное зеркало. Краткое руководство по практике применения моксы") | ||
| 320 | _aБиблиогр.: с. 189–192 и в примеч.: с. 157–187 | ||
| 320 | _aУказ. показаний: с. 193–218 | ||
| 320 | _aОбщий указ.: с. 219–236 | ||
| 454 | 0 |
_12001#$aHealing with Fire _1210##$aArcidosso$cShang Shung Publications$d2011 _1700#0$aNamkhai Norbu$f1938-2018$3RU\NLR\AUTH\7724977 _tHealing with Fire _aNamkhai Norbu (1938-2018) |
|
| 488 | 0 |
_12001#$aMe gtsa'i lag len nyung bsdus dwangs shel me long _15411#$aЯсное хрустальное зеркало. Краткое руководство по практике применения моксы _tMe gtsa'i lag len nyung bsdus dwangs shel me long |
|
| 606 | 1 |
_aПрижигание (мед.) _jУчебники _9997309 _3RU\NLR\AUTH\66377657 |
|
| 686 | 1 | _aР358.4я7-1 | |
| 700 | 0 |
_7ca _8rus _aНамкай Норбу _f1938-2018 _9119425 _3RU\NLR\AUTH\779605 |
|
| 702 | 1 |
_4730 _4080 _7ca _8rus _aГуариско _bЭ. _f1954- _gЭлио _9106152 _3RU\NLR\AUTH\77123227 |
|
| 702 | 1 |
_aФеррари _bТ. _gТанита _4440 |
|
| 942 | _cBOOK | ||
| 980 | _aNB | ||